EK a mobilita bankovních klientů

Doporučenie na zvýšenie mobility klientov v oblasti bankového účtu. Nedostatok informácií a nezáujem klientov. Administratívna náročnosť. Prenositeľnosť čísla účtu. Štandardy IBAN a BIC. Situácia s poplatkami za zrušenie účtu.

Salvato in:
Dettagli Bibliografici
Autore principale: Jedlička, Jan
Natura: Capitolo di libro
Lingua:ceco
Soggetti:
Tags: Aggiungi Tag
Nessun Tag, puoi essere il primo ad aggiungerne!!

MARC

LEADER 00000naa$a2200000$$$4500
001 0067691
005 20231010094629.4
041 0 |a cze 
044 |a CZ 
245 1 0 |a EK a mobilita bankovních klientů  |c Jan Jedlička 
520 |a Doporučenie na zvýšenie mobility klientov v oblasti bankového účtu. Nedostatok informácií a nezáujem klientov. Administratívna náročnosť. Prenositeľnosť čísla účtu. Štandardy IBAN a BIC. Situácia s poplatkami za zrušenie účtu. 
610 2 0 |a klienti 
610 2 0 |a banky 
610 2 0 |a účty bankové 
610 2 0 |a informácie 
100 1 |a Jedlička, Jan